000 00925nac a22002537a 4500
001 BR8404646
003 BR-BrBNA
005 20240105120158.0
008 230509b bl.|||m| |||| 00| 0 por d
040 _aBR-BrBNA
_bpor
_cBiblioteca Nacional de Agricultura
072 _aP40
090 _aP40 BR8404646
110 1 _aDepartamento de Aguas e Energia Eletrica, Sao Paulo, SP (Brasil). Centro Tecnologico de Hidraulica
_93146
245 1 _aBoletim hidrometeorologico no 12. Dados hidrometeorologicos da rede basica do estado de Sao Paulo - 1981 [Sao Paulo, Brasil]
260 3 _aSao Paulo, SP (Brasil):
_c1984.
300 _a152 p.
490 _aBoletim Hidrometeorologico - Departamento de Aguas e Energia Eletrica (Brazil)
_vno. 12
_x
650 _aHIDROMETEOROLOGIA
650 _aDADO
650 _aESTATISTICA
650 _aSAO PAULO
909 _a202312
_bLúcia Elande
_c55
_dLúcia Elande
942 _2AGRIS
_n0
_cMS
999 _c278221
_d278221